00512nam a2200181Ia 450000500170000000800410001708200130005810000170007124500270008826000410011530000130015665000100016965000130017965000180019294200060021095200990021699900150031520250509060019.0240331s9999 xx 000 0 und d bSULa891 aSulachana, T 0aPennin vidiyalai nokki aChennaibManimegalai prasooramc2007 a240 p ., aPoems aArticles aShort Stories cL 001040708LaWERCLbWERCLcSSCd2024-03-31l0o 894.811 SULp5796r2024-03-31w2024-03-31yL c4302d4302